Scènes d'Harry Potter 7 dans le désordre - Statistiques

Statistiques générales
  • Ce quiz a été pris 75 fois
  • Le résultat moyen est 12 sur 18
Statistiques - réponses
Hint Explanation Réponse % Correct
Chapitre 8 Le mariage
86%
Chapitre 1 L’ascension du seigneur des ténèbres
79%
Chapitre 5 Le guerrier tombé au combat
76%
Chapitre 9 Un endroit où se cacher
76%
Chapitres 2 à 4 In memoriam, Le départ des Dursley et Les sept Potter
76%
Chapitres 6 et 7 La goule en pyjama et Le testament d’Albus Dumbledore
72%
Chapitre 15 La revanche du gobelin
72%
Chapitres 12 et 13 La Magie est puissance et La Commission d’enregistrement des nés-Moldus
69%
Chapitre 14 Le voleur
69%
Chapitre 21 Le Conte des trois frères
69%
Chapitres 10 et 11 Le récit de Kreattur et Corruption
66%
Chapitre 22 Les Reliques de la Mort
62%
Chapitre 17 Le secret de Bathilda
62%
Chapitre 16 Godric’s Hollow
62%
Chapitre 23 Le manoir des Malefoy
62%
Chapitre 24 Le fabriquant de baguettes
62%
Chapitres 18 et 19 Vie et mensonges d’Albus Dumbledore
59%
Chapitre 20 Xenophilius Lovegood
38%
Aucun quiz correspondant
Distribution des résultats
% des personnes avec chaque résultat
Percentile par nombre de réponses
Votre historique - résultats
Vous n’avez pas pris ce quiz